[Event "24. OL Malta"]
[Site "Malta"]
[Date "1980.??.??"]
[Round "9.3"]
[White "Mortensen, Erling"]
[Black "Liang, Jinrong"]
[Result "0-1"]
[WhiteElo "2400"]
[BlackElo "2415"]
[PlyCount "80"]
[EventDate "1980.??.??"]
[WhiteTeam "Denmark"]
[BlackTeam "China"]

1. e4 e6 2. d4 d5 3. Nd2 Nc6 4. Ngf3 Nf6 5. e5 Nd7 6. Bb5 a6 7. Bxc6 bxc6 8.
Nb3 c5 9. Bg5 Be7 10. Na5 Nb8 11. Bxe7 Qxe7 12. c3 O-O 13. Qd2 c4 14. b4 cxb3
15. axb3 c5 16. O-O Ra7 17. Rfc1 Bd7 18. c4 dxc4 19. dxc5 Qxc5 20. Rxc4 Qe7 21.
Rac1 Bb5 22. Rd4 Rc7 23. h4 Rfc8 24. Rxc7 Qxc7 25. Nc4 Nd7 26. Rg4 f5 27. exf6
Nxf6 28. Rd4 Bc6 29. Nfe5 Bd5 30. Qe3 Rb8 31. f3 Qc5 32. Rd3 Qb4 33. Kh2 Qe7
34. Qg5 Qc7 35. Kh3 Rf8 36. Qe3 Nh5 37. Rd4 a5 38. g4 Rxf3+ 39. Qxf3 Bxf3 40.
Rd7 Bxg4+ 0-1

[Event "24. OL Malta"]
[Site "Malta"]
[Date "1980.??.??"]
[Round "10.1"]
[White "Hoi, Carsten"]
[Black "Schmidt, Wlodzimierz"]
[Result "0-1"]
[WhiteElo "2410"]
[BlackElo "2430"]
[PlyCount "64"]
[EventDate "1980.??.??"]
[WhiteTeam "Denmark"]
[BlackTeam "Poland"]

1. d4 Nf6 2. c4 g6 3. Nc3 d5 4. Nf3 Bg7 5. cxd5 Nxd5 6. Bd2 O-O 7. Rc1 Nb6 8.
Bg5 h6 9. Bh4 g5 10. Bg3 c5 11. dxc5 Bxc3+ 12. Rxc3 Qxd1+ 13. Kxd1 Na4 14. Rc2
Bf5 15. Rd2 Nc6 16. e3 Nxc5 17. Bb5 Ne4 18. Bxc6 bxc6 19. Re2 Rfd8+ 20. Kc1 Nc5
21. Ne1 Rd5 22. Rd2 Rad8 23. Rxd5 cxd5 24. f3 Na4 25. Be5 f6 26. g4 Bg6 27. Bc3
e5 28. Kd2 d4 29. exd4 exd4 30. Ba5 Rd5 31. b4 Nb2 32. Kc1 Nc4 0-1

[Event "24. OL Malta"]
[Site "Malta"]
[Date "1980.??.??"]
[Round "10.2"]
[White "Kuligowski, Adam"]
[Black "Fedder, Steen"]
[Result "1/2-1/2"]
[WhiteElo "2405"]
[BlackElo "2410"]
[PlyCount "38"]
[EventDate "1980.??.??"]
[WhiteTeam "Poland"]
[BlackTeam "Denmark"]

1. d4 Nf6 2. c4 g6 3. Nc3 d5 4. cxd5 Nxd5 5. e4 Nxc3 6. bxc3 Bg7 7. Nf3 c5 8.
Be3 O-O 9. Rc1 Qa5 10. Qd2 e6 11. d5 exd5 12. exd5 Nd7 13. Be2 b5 14. c4 Qxd2+
15. Nxd2 bxc4 16. Bxc4 Nb6 17. Bb3 Bb7 18. Rxc5 Rfd8 19. O-O Bxd5 1/2-1/2

[Event "24. OL Malta"]
[Site "Malta"]
[Date "1980.??.??"]
[Round "10.3"]
[White "Mortensen, Erling"]
[Black "Pokojowczyk, Jercy"]
[Result "1-0"]
[WhiteElo "2400"]
[BlackElo "2380"]
[PlyCount "49"]
[EventDate "1980.??.??"]
[WhiteTeam "Denmark"]
[BlackTeam "Poland"]

1. e4 e5 2. Nf3 Nc6 3. Bb5 Nf6 4. O-O Nxe4 5. d4 a6 6. Ba4 b5 7. Bb3 d5 8. dxe5
Be6 9. c3 Nc5 10. Bg5 Qd7 11. Nbd2 h6 12. Bh4 Nd3 13. Qe2 Nxb2 14. a4 bxa4 15.
Rxa4 g5 16. Ra2 gxh4 17. Rxb2 Na5 18. Bc2 Be7 19. Ra1 Nc4 20. Nxc4 dxc4 21. Nd4
Kf8 22. Ba4 Qc8 23. Bc6 Rb8 24. Nxe6+ fxe6 25. Bd7 1-0

[Event "24. OL Malta"]
[Site "Malta"]
[Date "1980.??.??"]
[Round "10.4"]
[White "Przewoznik, Jan"]
[Black "Hansen, Jacob Ost"]
[Result "1/2-1/2"]
[WhiteElo "2340"]
[BlackElo "2395"]
[PlyCount "87"]
[EventDate "1980.??.??"]
[WhiteTeam "Poland"]
[BlackTeam "Denmark"]

1. e4 c5 2. Nf3 e6 3. c3 d5 4. exd5 exd5 5. d4 Nc6 6. Be3 cxd4 7. Bxd4 Nxd4 8.
Nxd4 Nf6 9. Bb5+ Bd7 10. Qe2+ Qe7 11. O-O Qxe2 12. Bxd7+ Kxd7 13. Nxe2 Re8 14.
Nc1 Bd6 15. Rd1 Re7 16. Nd2 Rd8 17. Nd3 g6 18. Re1 Rde8 19. Rxe7+ Rxe7 20. Rd1
Kc7 21. h3 h5 22. Nf1 a6 23. Ne3 Rd7 24. Kf1 b5 25. Ke2 Re7 26. Kf3 Kc6 27. g4
hxg4+ 28. hxg4 Nd7 29. Nc1 Nb6 30. Nb3 Bc5 31. Nc2 Nc4 32. Nxc5 Kxc5 33. Nb4
Nxb2 34. Rxd5+ Kc4 35. Rd6 Re6 36. Rxe6 fxe6 37. Nxa6 Nd1 38. Ke4 Nxf2+ 39. Ke5
Nxg4+ 40. Kxe6 Ne3 41. Kf6 Nd5+ 42. Kxg6 Kxc3 43. Kf5 Kb2 44. Ke5 1/2-1/2

[Event "24. OL Malta"]
[Site "Malta"]
[Date "1980.??.??"]
[Round "11.1"]
[White "Gonzales, Garcia"]
[Black "Jakobsen, Ole"]
[Result "1-0"]
[WhiteElo "2220"]
[BlackElo "2410"]
[PlyCount "95"]
[EventDate "1980.??.??"]
[WhiteTeam "Cuba"]
[BlackTeam "Denmark"]

1. c4 c5 2. Nc3 Nc6 3. g3 g6 4. Bg2 Bg7 5. d3 Nf6 6. e3 d6 7. Nge2 O-O 8. O-O
Bd7 9. h3 a6 10. b3 Rb8 11. Bb2 b5 12. Qd2 bxc4 13. dxc4 Qa5 14. Rad1 Rfc8 15.
f4 Be8 16. g4 Nd7 17. g5 Qd8 18. Ne4 Bxb2 19. Qxb2 Qa5 20. h4 Nb6 21. Qa1 Nb4
22. N2c3 Bc6 23. Rf2 d5 24. cxd5 N4xd5 25. Nxd5 Nxd5 26. h5 gxh5 27. Rxd5 Bxd5
28. Ng3 Be6 29. f5 c4 30. fxe6 fxe6 31. Bh3 Rc6 32. bxc4 Qxg5 33. Rg2 Qxe3+ 34.
Kh2 Qf4 35. Kh1 Kf7 36. Nxh5 Qd6 37. Ng7 Qd3 38. Kh2 Qd6+ 39. Kg1 Qd3 40. Qe5
Rb1+ 41. Kh2 Rh1+ 42. Kxh1 Qxh3+ 43. Kg1 Rxc4 44. Qe1 Rf4 45. Nxe6 Qxe6 46.
Rg7+ Kf6 47. Qc3+ Kf5 48. Qc5+ 1-0

[Event "24. OL Malta"]
[Site "Malta"]
[Date "1980.??.??"]
[Round "11.2"]
[White "Fedder, Steen"]
[Black "Garcia Martinez, Silvino"]
[Result "1-0"]
[WhiteElo "2410"]
[BlackElo "2450"]
[PlyCount "65"]
[EventDate "1980.??.??"]
[WhiteTeam "Denmark"]
[BlackTeam "Cuba"]

1. d4 Nf6 2. c4 g6 3. Nc3 d5 4. Bf4 Bg7 5. e3 c5 6. dxc5 Qa5 7. Rc1 Ne4 8. cxd5
Nxc3 9. Qd2 Qxa2 10. bxc3 Qa5 11. Bc4 Qxc5 12. Ba2 e5 13. dxe6 Bxe6 14. Bxe6
fxe6 15. Nf3 Nc6 16. O-O e5 17. Bg3 Qc4 18. Qd6 Rd8 19. Qa3 Bf6 20. Rfd1 Kf7
21. Nd2 Qd5 22. Qa4 Qe6 23. Ne4 Be7 24. c4 b6 25. Rd5 Rhf8 26. h3 Kg8 27. Rcd1
Rc8 28. c5 Rfd8 29. Nd6 Rc7 30. Nb5 Rxd5 31. Nxc7 Rxd1+ 32. Qxd1 Qc4 33. Qd7
1-0

[Event "24. OL Malta"]
[Site "Malta"]
[Date "1980.??.??"]
[Round "11.3"]
[White "Rodriguez Cespedes, Amador"]
[Black "Mortensen, Erling"]
[Result "1/2-1/2"]
[WhiteElo "2420"]
[BlackElo "2400"]
[PlyCount "36"]
[EventDate "1980.??.??"]
[WhiteTeam "Cuba"]
[BlackTeam "Denmark"]

1. e4 c5 2. Nf3 e6 3. d4 cxd4 4. Nxd4 Nf6 5. Nc3 d6 6. Be2 Be7 7. O-O Nc6 8.
Be3 Bd7 9. Nb3 a6 10. a4 Na5 11. Nxa5 Qxa5 12. f4 Bc6 13. Bf3 Rb8 14. Qe1 Qb4
15. a5 d5 16. exd5 Nxd5 17. Nxd5 Bxd5 18. Qxb4 Bxb4 1/2-1/2

[Event "24. OL Malta"]
[Site "Malta"]
[Date "1980.??.??"]
[Round "11.4"]
[White "Hansen, Jacob Ost"]
[Black "Hernandez, Roman"]
[Result "1-0"]
[WhiteElo "2395"]
[BlackElo "2460"]
[PlyCount "75"]
[EventDate "1980.??.??"]
[WhiteTeam "Denmark"]
[BlackTeam "Cuba"]

1. e4 c5 2. d3 Nc6 3. g3 d5 4. Nd2 e5 5. Bg2 Be6 6. Ngf3 f6 7. O-O d4 8. Nh4
Qd7 9. f4 O-O-O 10. f5 Bf7 11. Bf3 Nge7 12. Bh5 Bg8 13. a4 b6 14. b3 Kb7 15.
Nc4 Nb4 16. Bd2 Nec6 17. g4 Be7 18. Kh1 a6 19. Rg1 b5 20. axb5 axb5 21. Na5+
Nxa5 22. Rxa5 Nc6 23. Ra1 Ra8 24. g5 Rxa1 25. Qxa1 Bf8 26. Qa2 Kb8 27. Ra1 Qa7
28. Be8 Qxa2 29. Rxa2 Na7 30. g6 Be7 31. gxh7 Bxh7 32. Bf7 Rc8 33. Be6 Rc6 34.
Bd5 Rc8 35. Ra6 Bd8 36. Ng6 Bxg6 37. fxg6 Bc7 38. h4 1-0

[Event "24. OL Malta"]
[Site "Malta"]
[Date "1980.??.??"]
[Round "12.1"]
[White "Liberzon, Vladimir"]
[Black "Jakobsen, Ole"]
[Result "1-0"]
[WhiteElo "2545"]
[BlackElo "2410"]
[PlyCount "49"]
[EventDate "1980.??.??"]
[WhiteTeam "Israel"]
[BlackTeam "Denmark"]

1. e4 c5 2. Nf3 d6 3. d4 cxd4 4. Nxd4 Nf6 5. Nc3 a6 6. Be3 e5 7. Nb3 Be6 8. Qd2
Be7 9. f3 O-O 10. O-O-O Nbd7 11. g4 Nb6 12. h4 Rc8 13. h5 Qc7 14. g5 Nfd7 15.
g6 fxg6 16. hxg6 hxg6 17. Qg2 g5 18. Kb1 Nc4 19. Bxc4 Qxc4 20. Bxg5 Bxg5 21.
Qxg5 Qc7 22. Rh6 Rfe8 23. Rg1 Nb6 24. Qh5 Kf8 25. Rxe6 1-0

[Event "24. OL Malta"]
[Site "Malta"]
[Date "1980.??.??"]
[Round "12.2"]
[White "Hoi, Carsten"]
[Black "Murey, Yaakov"]
[Result "1-0"]
[WhiteElo "2410"]
[BlackElo "2440"]
[PlyCount "26"]
[EventDate "1980.??.??"]
[WhiteTeam "Denmark"]
[BlackTeam "Israel"]

1.d4 f5 2.Nc3 Nf6 3.Bg5 d5 4.Bxf6 exf6 5.e3 c6 6.Bd3 Qb6 7.Rb1 Bb4 8.Ne2
Bd6 9.O-O Be6 10.Nf4 Bxf4 11.exf4 Nd7 12.Re1 Nf8 13.Bxf5 Kf7 14.Bd3 Bd7
15.Na4 Qc7 16.Qh5+ g6 17.Qh6 Re8 18.f5 Rg8 19.Nc5 Bc8 20.Rxe8 Kxe8 21.Re1+
Kf7 22.Qe3 Qd8 23.Ne6 Bxe6 24.fxe6+ Ke7 25.c4 h5 26.f4 Rg7 27.b4 Ke8 28.f5
dxc4 29.Bxc4 gxf5 30.Kh1 Qd6 31.a3 Ke7 32.b5 Rg4 33.Qh6 cxb5 34.Qxh5 Rg7
35.Bb3 Qxd4 36.Qf3 Qb6 37.Bd5 Rg5 38.Bxb7 1-0

[Event "24. OL Malta"]
[Site "Malta"]
[Date "1980.??.??"]
[Round "12.3"]
[White "Kagan, Shimon"]
[Black "Fedder, Steen"]
[Result "0-1"]
[WhiteElo "2400"]
[BlackElo "2410"]
[PlyCount "92"]
[EventDate "1980.??.??"]
[WhiteTeam "Israel"]
[BlackTeam "Denmark"]

1. e4 c5 2. Nf3 d6 3. d4 cxd4 4. Nxd4 Nf6 5. Nc3 a6 6. Bg5 e6 7. Qf3 h6 8. Be3
Nbd7 9. Be2 Qc7 10. O-O-O b5 11. a3 Bb7 12. Qg3 Rc8 13. f3 e5 14. Nb3 d5 15.
exd5 Bxa3 16. Rd3 Bd6 17. Rd2 e4 18. Qh4 Be5 19. d6 Bxd6 20. Bxb5 Be5 21. Bxd7+
Nxd7 22. Nxe4 O-O 23. Qe7 Bxe4 24. fxe4 Qb8 25. Qa3 Nf6 26. Nc5 Rfe8 27. Rhd1
Ng4 28. Bd4 Bf4 29. h3 Ne5 30. Qc3 Qb5 31. b3 a5 32. Kb2 Bxd2 33. Rxd2 f6 34.
Be3 a4 35. Rd5 axb3 36. cxb3 Kh7 37. g4 Red8 38. Bd4 Rxd5 39. exd5 Rxc5 40.
Bxc5 Nd3+ 41. Kc2 Nxc5 42. Qf3 Kg8 43. h4 Qa5 44. d6 Qa2+ 45. Kd1 Kf8 46. Ke1
Qa1+ 0-1

[Event "24. OL Malta"]
[Site "Malta"]
[Date "1980.??.??"]
[Round "12.4"]
[White "Mortensen, Erling"]
[Black "Bernstein, David"]
[Result "1/2-1/2"]
[WhiteElo "2400"]
[BlackElo "2360"]
[PlyCount "87"]
[EventDate "1980.??.??"]
[WhiteTeam "Denmark"]
[BlackTeam "Israel"]

1. e4 d6 2. d4 Nf6 3. Nc3 g6 4. g3 Bg7 5. Bg2 O-O 6. Nge2 e5 7. h3 Nc6 8. Be3
exd4 9. Nxd4 Nxd4 10. Bxd4 Bd7 11. O-O Re8 12. Re1 Bc6 13. Qd2 Qd7 14. Qd3 Re6
15. Re3 Rae8 16. b4 b6 17. Rd1 Qc8 18. Rde1 Qa8 19. Qc4 a6 20. Nd5 Qb7 21. Bxf6
Bxf6 22. Rd1 Bg7 23. h4 b5 24. Qb3 Re5 25. Red3 h5 26. R3d2 Qa7 27. c4 Ba8 28.
a4 c6 29. Nc3 bxc4 30. Qxc4 Bf8 31. Rb1 Kg7 32. Qd3 Rb8 33. Bf1 Bb7 34. b5 axb5
35. axb5 cxb5 36. Rxb5 Bxe4 37. Qe2 Rbxb5 38. Nxb5 Qa1 39. Nxd6 Bg2 40. Qd1
Qxd1 41. Rxd1 Bf3 42. Nc4 Re8 43. Rd3 Bc6 44. Ne3 1/2-1/2

[Event "24. OL Malta"]
[Site "Malta"]
[Date "1980.??.??"]
[Round "13.1"]
[White "Hoi, Carsten"]
[Black "Pfleger, Helmut"]
[Result "1/2-1/2"]
[WhiteElo "2410"]
[BlackElo "2525"]
[PlyCount "85"]
[EventDate "1980.??.??"]
[WhiteTeam "Denmark"]
[BlackTeam "West Germany"]
[WhiteTeamCountry "DEN"]

1. Nf3 d5 2. d4 Nf6 3. c4 e6 4. Nc3 Be7 5. Bg5 O-O 6. e3 h6 7. Bh4 b6 8. Rc1
Bb7 9. Bxf6 Bxf6 10. cxd5 exd5 11. g3 c6 12. Bg2 Re8 13. O-O Na6 14. a3 Nc7 15.
b4 a5 16. bxa5 Rxa5 17. Qb3 Nb5 18. Nxb5 Rxb5 19. Qc2 Ra5 20. a4 c5 21. dxc5
bxc5 22. Nd2 Bc6 23. Qd3 Qa8 24. Qf5 Re5 25. Qb1 c4 26. e4 Rxa4 27. exd5 Bxd5
28. Bxd5 Qxd5 29. Qc2 Qc6 30. Nxc4 Rc5 31. Ne5 Rxc2 32. Nxc6 Rxc1 33. Rxc1 g5
34. Re1 g4 35. Ne7+ Kg7 36. Nf5+ Kg6 37. Ne3 h5 38. Kg2 h4 39. h3 hxg3 40. Kxg3
Be5+ 41. Kg2 gxh3+ 42. Kxh3 f5 43. Nd5 1/2-1/2

[Event "24. OL Malta"]
[Site "Malta"]
[Date "1980.??.??"]
[Round "13.2"]
[White "Hecht, Hans Joachim"]
[Black "Fedder, Steen"]
[Result "1/2-1/2"]
[WhiteElo "2485"]
[BlackElo "2410"]
[PlyCount "44"]
[EventDate "1980.??.??"]
[WhiteTeam "West Germany"]
[BlackTeam "Denmark"]
[BlackTeamCountry "DEN"]

1. Nf3 Nf6 2. c4 g6 3. b4 Bg7 4. Bb2 O-O 5. e3 d6 6. d3 e5 7. Qc2 a5 8. b5 Nbd7
9. Nc3 Nc5 10. Be2 Re8 11. Nd2 Be6 12. O-O Nfd7 13. Bf3 Bf5 14. Nde4 g5 15. g4
Bg6 16. Nxc5 Nxc5 17. Ne4 Nxe4 18. Bxe4 Qc8 19. f3 f5 20. Bxf5 Bxf5 21. gxf5
Qxf5 22. Rf2 b6 1/2-1/2

[Event "24. OL Malta"]
[Site "Malta"]
[Date "1980.??.??"]
[Round "13.3"]
[White "Mortensen, Erling"]
[Black "Borik, Borik"]
[Result "1-0"]
[WhiteElo "2400"]
[BlackElo "2390"]
[PlyCount "61"]
[EventDate "1980.??.??"]
[WhiteTeam "Denmark"]
[BlackTeam "West Germany"]
[WhiteTeamCountry "DEN"]

1. e4 e5 2. Nf3 Nf6 3. d4 Nxe4 4. Bd3 d5 5. Nxe5 Nd7 6. Qe2 Nxe5 7. Bxe4 dxe4
8. Qxe4 Be6 9. Qxe5 Qd7 10. Be3 Bb4+ 11. c3 Bd6 12. Qa5 Qc6 13. f3 Bd5 14. Nd2
O-O 15. O-O Rfe8 16. Rfe1 b6 17. Qa6 Bxh2+ 18. Kxh2 Rxe3 19. Kg1 Qe6 20. Kf2
Re8 21. Ne4 Rxe1 22. Rxe1 Kh8 23. g4 h5 24. Qd3 f5 25. gxf5 Qe7 26. Rh1 Bf7 27.
Qd2 Kh7 28. Qf4 Rh8 29. Rg1 Qd7 30. Qe5 Be8 31. f6 1-0

[Event "24. OL Malta"]
[Site "Malta"]
[Date "1980.??.??"]
[Round "13.4"]
[White "Lobron, Eric"]
[Black "Hansen, Jacob Ost"]
[Result "0-1"]
[WhiteElo "2335"]
[BlackElo "2395"]
[PlyCount "113"]
[EventDate "1980.??.??"]
[WhiteTeam "West Germany"]
[BlackTeam "Denmark"]
[BlackTeamCountry "DEN"]

1. Nf3 Nf6 2. g3 g6 3. Bg2 Bg7 4. O-O O-O 5. d3 d6 6. e4 e5 7. Nc3 Nc6 8. Ne1
Nd4 9. Ne2 Nxe2+ 10. Qxe2 c6 11. f4 exf4 12. gxf4 d5 13. e5 Ng4 14. d4 Nh6 15.
Be3 Nf5 16. Bf2 a5 17. Rd1 Be6 18. c3 Bh6 19. Nd3 Qe7 20. Bg3 b6 21. Nf2 Bg7
22. Ng4 Rac8 23. Ne3 Rfd8 24. Nxf5 Bxf5 25. Qf2 Qe6 26. Bh4 Rd7 27. Rd2 Bf8 28.
Re1 b5 29. Re3 Rb8 30. Rg3 f6 31. Re2 Re8 32. Qe3 Rf7 33. Qd2 Bh6 34. Bf1 fxe5
35. Rxe5 Qd7 36. Qe1 Ref8 37. Bg5 Bg7 38. Ree3 b4 39. Be7 Rb8 40. Bc5 Bf6 41.
cxb4 axb4 42. Rg2 Qc7 43. Qg3 Be7 44. Bxe7 Rxe7 45. Re5 Rf8 46. h4 Rxe5 47.
fxe5 Qa7 48. Qe3 Qxa2 49. Be2 Qb1+ 50. Kh2 Qe4 51. Qg3 Qxd4 52. h5 Re8 53. hxg6
Qxe5 54. gxh7+ Kxh7 55. Bf3 Qxg3+ 56. Rxg3 Re3 57. Bh5 0-1

[Event "24. OL Malta"]
[Site "Malta"]
[Date "1980.??.??"]
[Round "14.1"]
[White "Karpov, Anatoly"]
[Black "Jakobsen, Ole"]
[Result "1-0"]
[WhiteElo "2725"]
[BlackElo "2410"]
[PlyCount "111"]
[EventDate "1980.??.??"]
[WhiteTeam "Soviet Union"]
[BlackTeam "Denmark"]

1. d4 d5 2. c4 e6 3. Nc3 Be7 4. Nf3 Nf6 5. Bg5 O-O 6. e3 Nbd7 7. Rc1 a6 8. c5
Ne4 9. Nxe4 dxe4 10. Bxe7 Qxe7 11. Nd2 Nf6 12. Nc4 Bd7 13. Ne5 Qe8 14. Bc4 Bc6
15. Qc2 Bd5 16. O-O Bxc4 17. Nxc4 Qc6 18. Ne5 Qd5 19. b3 Rad8 20. Qe2 c6 21.
Nc4 Ne8 22. Qc2 Qf5 23. Rcd1 h6 24. a4 Qh7 25. b4 f5 26. Qb3 Nc7 27. f3 f4 28.
exf4 Rxf4 29. Nd6 exf3 30. Rxf3 Nd5 31. Rxf4 Nxf4 32. Rf1 Qd3 33. Qxd3 Nxd3 34.
a5 Rd7 35. Rb1 Nf4 36. Kf2 Nd5 37. Rb3 Ne7 38. Re3 Nf5 39. Rxe6 Nxd4 40. Re8+
Kh7 41. Re4 Nb5 42. Nxb5 axb5 43. Ke3 Rd1 44. Rd4 Re1+ 45. Kf4 Kg6 46. a6 bxa6
47. Rd6+ Kh5 48. Rxc6 Rb1 49. Rxa6 Rxb4+ 50. Ke5 Rb2 51. c6 Rxg2 52. c7 Rg5+
53. Kd4 Rg4+ 54. Kd5 Rg5+ 55. Kc6 Rg2 56. Kb7 1-0

[Event "24. OL Malta"]
[Site "Malta"]
[Date "1980.??.??"]
[Round "14.2"]
[White "Hoi, Carsten"]
[Black "Geller, Efim P"]
[Result "0-1"]
[WhiteElo "2410"]
[BlackElo "2565"]
[PlyCount "60"]
[EventDate "1980.??.??"]
[WhiteTeam "Denmark"]
[BlackTeam "Soviet Union"]

1. d4 d5 2. c4 e6 3. Nc3 Be7 4. Nf3 Nf6 5. Bg5 h6 6. Bh4 O-O 7. e3 b6 8. Rc1
Bb7 9. Bxf6 Bxf6 10. cxd5 exd5 11. b4 c5 12. bxc5 bxc5 13. Bb5 Na6 14. O-O Nc7
15. Qa4 cxd4 16. Nxd4 Bxd4 17. exd4 Ne6 18. Ba6 Bxa6 19. Qxa6 Qg5 20. Ne2 Rab8
21. Rc3 Rb2 22. Re3 Rd2 23. h3 Rb8 24. Rc1 Rbb2 25. Rxe6 fxe6 26. Qxe6+ Kh7 27.
Rc8 Rxe2 28. Qg8+ Kg6 29. Rc6+ Kh5 30. Qf7+ Kh4 0-1

[Event "24. OL Malta"]
[Site "Malta"]
[Date "1980.??.??"]
[Round "14.3"]
[White "Balashov, Yury"]
[Black "Fedder, Steen"]
[Result "1-0"]
[WhiteElo "2600"]
[BlackElo "2410"]
[PlyCount "80"]
[EventDate "1980.??.??"]
[WhiteTeam "Soviet Union"]
[BlackTeam "Denmark"]

1. e4 c5 2. Nf3 d6 3. d4 cxd4 4. Nxd4 Nf6 5. Nc3 a6 6. Be3 e6 7. Be2 Qc7 8. g4
Be7 9. g5 Nfd7 10. h4 Nc6 11. f4 Na5 12. Nb3 b5 13. Qd4 Rg8 14. O-O-O Rb8 15.
Kb1 Nc6 16. Qd2 Nc5 17. e5 Nxb3 18. axb3 d5 19. Bf3 Bb4 20. Qd3 Ne7 21. Na2 Bc5
22. Bxc5 Qxc5 23. Qxh7 Bb7 24. h5 Kd7 25. Qd3 Rbd8 26. Nc3 Kc7 27. Ne2 Rh8 28.
Nd4 Nc6 29. c3 Nxd4 30. cxd4 Qb4 31. Rc1+ Kb6 32. Rc3 Rc8 33. Rhc1 Rxc3 34.
Rxc3 Bc6 35. Qd2 a5 36. Kc1 Bd7 37. Bd1 Bc6 38. Qe3 Bd7 39. Rc5 Bc6 40. Bf3 Bd7
1-0